[Event "ROM-ch U10"]
[Site "Calimanesti"]
[Date "2015.04.03"]
[Round "6"]
[White "Costea, Alexandru Sebastian"]
[Black "Olarasu, Razvan Gabriel"]
[Result "1/2-1/2"]
[WhiteElo "1096"]
[BlackElo "1004"]
[PlyCount "34"]
[EventDate "2015.03.30"]
[EventType "swiss"]
[EventRounds "9"]
[EventCountry "ROU"]
[SourceTitle "CBM 165 Extra"]
[Source "ChessBase"]
[SourceDate "2015.04.21"]
[SourceVersion "1"]
[SourceVersionDate "2015.04.21"]
[SourceQuality "1"]

1. d4 d5 2. c4 Nf6 3. Nc3 dxc4 4. e4 g6 5. Bxc4 Bg7 6. Nf3 0-0 7. 0-0 Nc6 8. e5 Ng4 9. h3 Nh6 10. Be3 Bf5 11. Qd2 Qd7 12. Ng5 Kh8 13. Bd3 Bxd3 14. Qxd3 Nxe5 15. Qd2 Nc4 16. Qc1 Nxe3 17. Qxe3 Bxd4 1/2-1/2

[Event "ROM-ch U10"]
[Site "Calimanesti"]
[Date "2015.03.31"]
[Round "2"]
[White "Mihalcescu, Alexandru"]
[Black "Olarasu, Razvan Gabriel"]
[Result "1-0"]
[WhiteElo "1191"]
[BlackElo "1004"]
[PlyCount "49"]
[EventDate "2015.03.30"]
[EventType "swiss"]
[EventRounds "9"]
[EventCountry "ROU"]
[SourceTitle "CBM 165 Extra"]
[Source "ChessBase"]
[SourceDate "2015.04.21"]
[SourceVersion "1"]
[SourceVersionDate "2015.04.21"]
[SourceQuality "1"]

1. e4 e5 2. Nf3 Nc6 3. Bc4 Nd4 4. c3 Nxf3+ 5. Qxf3 Nf6 6. d4 exd4 7. cxd4 Bb4+ 8. Bd2 Bxd2+ 9. Nxd2 0-0 10. 0-0 d6 11. h3 Bd7 12. Rfe1 Bc6 13. d5 Bd7 14. Qd3 Qe7 15. f4 Rfe8 16. Bb3 a6 17. a4 b5 18. a5 c5 19. dxc6 Bxc6 20. Bc2 Qb7 21. e5 dxe5 22. fxe5 Bxg2 23. exf6 Bh1 24. Qxh7+ Kf8 25. Qh8# 1-0